Ceiling stelae in second dynasty tombs from the excavations at Helwan /

Saved in:

Main Author: Saad, Zaki Yusef (Author)

Format: Book

Language: English

Published: Le Caire : Impr. de l'Institut français d'archéologie orientale, 1957.

Series: Supplement aux Annales du Service des Antiquites de l'Egypte ; 21.
SASAE ; 21.

Subjects:

Tags: Add Tag

No Tags, Be the first to tag this record!

Call Number: DT57 .A21 v.21

LEADER 01021nam a2200301I 4500
001 4159
003 OSt
005 20260330103748.0
008 130303s1957 ua aef b 000 0 eng d
010 |a 61021171 
035 |a ocm05397921 
040 |c ARCE Library 
043 |a f-ua--- 
050 4 |a DT57 .A21 v.21 
100 1 |a Saad, Zaki Yusef,  |e author 
245 1 0 |a Ceiling stelae in second dynasty tombs from the excavations at Helwan /  |c Zaki Youssef Saad. 
264 1 |a Le Caire :  |b Impr. de l'Institut français d'archéologie orientale,  |c 1957. 
300 |a xvi, 84 pages :  |b illustrations, 39 plates, plans ;  |c 28 cm. 
490 1 |a Supplement aux Annales du Service des Antiquites de l'Egypte ;   |v 21. 
490 1 |a SASAE ;   |v 21. 
504 |a Bibliographical footnotes. 
650 0 |a Stele (Archaeology) 
651 0 |a Ḥulwān (Egypt)  |x Tombs. 
830 0 |a Supplement aux Annales du Service des Antiquites de l'Egypte ;   |v 21. 
830 0 |a SASAE ;   |v 21. 
901 |a reviewed 
942 |c BK  |2 lcc 
999 |c 5691  |d 5691